Constitucin̤ y procesos constitucionales : estudio introductorio, legislacin̤, jurisprudencia e n̕dices /

Bibliographic Details
Main Author: Abad Yupanqui, Samuel B.
Format: Book
Language:Spanish
Published: Lima : Palestra Ediciones, 2008
Edition:3a ed. actualizada
Subjects:
Online Access:Acceso restringido

MARC

LEADER 00000nam a2200000 a 4500
005 20110708121745.0
008 090401s2008 pe |||| |||||0|| 0 spa|c
020 |a 9789972224737 
035 |a 5351 
040 |d vLex 
090 |c 2193  |d 2193 
100 1 |a Abad Yupanqui, Samuel B. 
245 1 0 |a Constitucin̤ y procesos constitucionales :  |b estudio introductorio, legislacin̤, jurisprudencia e n̕dices /  |c Samuel B. Abad Yupanqui  |h [Recurso electrn̤ico] 
250 |a 3a ed. actualizada 
256 |a Servicio en ln̕ea. 
260 |a Lima :  |b Palestra Ediciones,  |c 2008 
300 |a 404 p. ;  |c 18 cm. 
504 |a Contiene n̕dices 
506 1 |a Contenido solo disponible en los productos indicados  |d vLex Global  |d vLex Global (Academic Edition, excluding Law Schools)  |d vLex Global (U.S. Academic Edition, Law Schools)  |d vLex Global (U.S. Academic Edition, excluding Law Schools)  |d vLex Global (Academic Edition, Law Schools) 
650 0 4 |a Derecho constitucional  |z Per︢ 
740 0 |a vLex Libros (Servicio en ln̕ea) 
856 4 0 |u http://vlex.com/source/constitucion-procesos-constitucionales-5351  |z Acceso restringido 
942 |c BOOK